Recasting Public Administration in India: (Record no. 172989)

MARC details
000 -LEADER
fixed length control field 00578nam a22001817a 4500
005 - DATE AND TIME OF LATEST TRANSACTION
control field 20200217123737.0
010 ## - LCCN (DPL NO)
LC control number ENG-127884
020 ## - INTERNATIONAL STANDARD BOOK NUMBER
Terms of availability 695.00
International Standard Book Number 9780199490356
035 ## - SYSTEM CONTROL NUMBER
System control number EN-111416
037 ## - SOURCE OF ACQUISITION
Source of stock number/acquisition DBAD/PUB
082 ## - DEWEY DECIMAL CLASSIFICATION NUMBER
Classification number 351.54
100 ## - MAIN ENTRY--PERSONAL NAME
Personal name Mathur,Kuldeep
245 ## - TITLE STATEMENT
Title Recasting Public Administration in India:
Statement of responsibility, etc by Kuldeep Mathur
Remainder of title Reform, Rhetoric and Neoliberalism/
260 ## - PUBLICATION, DISTRIBUTION, ETC. (IMPRINT)
Place of publication, distribution, etc New Delhi
Date of publication, distribution, etc 2018
Name of publisher, distributor, etc Oxford University Press
270 ## - ADDRESS
Address 2/11 Ground Floor,Ansari Road,Dariyaganj
Postal code 110002
City New Delhi
300 ## - PHYSICAL DESCRIPTION
Extent vi;188p.
Other physical details 23(hb)
942 ## - ADDED ENTRY ELEMENTS (KOHA)
Source of classification or shelving scheme Dewey Decimal Classification
Item type English Books
Classification part MAT
Call number prefix 351.54
Holdings
Withdrawn status Lost status Not for loan Collection code Home library Current library Date acquired Source of acquisition Cost, normal purchase price Full call number Barcode Copy number Cost, replacement price Koha item type
      Non-fiction Central Library Central Library 17/02/2020 DBAD/PUB 695.00 MAT EN-111416 1 695.00 English Books

© Delhi Public Library
Hit Counter
free hit counter